| 000 | 00000nam 2200000za 4500 |
| 001 | 9.840646 |
| 003 | CaOODSP |
| 005 | 20221107151909 |
| 007 | cr ||||||||||| |
| 008 | 170728s2015 onc #o f000 0 eng d |
| 040 | |aCaOODSP|beng |
| 043 | |an-cn--- |
| 086 | 1 |aFB4-23/2017E-PDF |
| 245 | 02|aA historic reign |h[electronic resource] : |bcommemorative $20 note (2015). |
| 260 | |a[Ottawa] : |bBank of Canada, |c2015. |
| 300 | |a[1] p. : |bill. |
| 500 | |aIssued also in French under title: Un règne historique : billet commémoratif de 20$ (2015). |
| 500 | |a"September 2015." |
| 500 | |aCaption title. |
| 692 | 07|2gccst|aCurrency |
| 710 | 2 |aBank of Canada. |
| 775 | 08|tUn règne historique |w(CaOODSP)9.840926 |
| 856 | 40|qPDF|s455 KB|uhttps://publications.gc.ca/collections/collection_2017/banque-bank-canada/FB4-23-2017-eng.pdf |